000 00562nam a2200181Ia 4500
003 GCL
008 140319s9999 xx 000 0 ara d
040 _aGCL /
_cGCL
082 0 4 _a810.8002
_bم ع
100 1 _aمحمد ابراهيم الجيوشى
245 1 0 _aالعلماء بين التزمت والتسامح /
_cمحمد ابراهيم الجيوشى
260 _a[S.N] :
_bمطابع المنار العربى ،
_c1992
300 _a109 ص
490 _a
650 0 4 _aالادب العربى
650 0 4 _aالمجموعات
942 _2ddc
_cBK
999 _c55933
_d55933